1803 1689 1545 1818 1413 1949 1413 1422 1418 1456 1677 1562 1032 1815 1409 1361 1101 1207 1504 1939 1074 1398 1771 1138 1358 1956 1289 1757 1159 1678 1013 1781 1089 1762 1012 1510 1588 1575 1729 1547 1307 1122 1019 1919 1450 1748 1636 1579 1516 1318 1040 1616 1737 1988 1904 1553 1037 1809 1553 1235 1324 1467 1511 1686 1387 1556 1832 1056 1362 1033 1578 1478 1261 1672 1014 1818 1890 1299 1331 1427 1989 1145 1155 1389 1245 1785 1008 1438 1549 1083 1015 1902 1186 1305 1185 1234 1717 1994 1581 BCNSPRNW ULIB Ver.6.0+V

เปลี่ยนเป็นภาษาไทย

Change to English
 แสดงรายละเอียดบรรณานุกรม
  กลับหน้าหลัก

Brief Record : Get Marc (ISO 2709) : E-mail record : QR code < ปิดหน้าต่าง
LEADER : 00000nam 2200000uu 4500
001    13399127162
003     ULIB
008    191018s2561||||th 000 0 tha d
020 ^- ^a9786160622580
050 ^- ^aนว.^bร442บ
100 ^- ^aราตรีนิมิต.
245 10 ^aบุพเพรักร้อยลิขิต /^cราตรีนิมิต.
250 ^- ^aพิมพ์ครั้งที่ 1.
260 ^- ^aกรุงเทพฯ :^bแจ่มใส พับลิชชิ่ง,^c2561
300 ^- ^a450 หน้า.
945    ^p319^l0^i006348
999    ^aประนอม เกษจรัล
รายการนี้ยังไม่มีแท็ก
คุณยังไม่ได้ล็อกอิน คุณสามารถมีกิจกรรมร่วมกับเว็บไซต์ได้ แต่ต้องล็อกอินก่อน ::
  ล็อกอิน

รายการสื่อสารสนเทศ

ลำดับที่ ประเภท เลขเรียก/บาร์โค้ด สถานที่ สถานะ
1. นวนิยาย
นวนิยาย
นว. ร442บ ฉ.1 
  Barcode: 006348
ห้องสมุดวิทยาเขตนครสวรรค์
►นวนิยาย:l:Fiction
บนชั้น

รายการใกล้เคียง
    ผู้แต่ง [ราตรีนิมิต.]

BibComment


ยังไม่เคยถูกคอมเมนท์

คอมเมนท์ทรัพยากรรายการนี้
  คอมเมนท์: บุพเพรักร้อยลิขิ..


 Copyright 2026. Bcnsprnw @Library